000
00196nam a2200085Ia 4500
008
120527s9999 xx 000 0 und d
100
_a
JENNINGS,Roy.
245
_a
Influenza in practice.
942
_c
BK
999
_c
23665
_d
23665